<?xml version='1.0' encoding='UTF-8'?>
  <record xmlns="http://www.loc.gov/MARC21/slim">
    <leader>00000cam a22000007i 4500</leader>
    <controlfield tag="001">ocn901231088</controlfield>
    <controlfield tag="003">OCoLC</controlfield>
    <controlfield tag="005">20251011003448.0</controlfield>
    <controlfield tag="008">150127s1532    be a          001 0 frm d</controlfield>
    <datafield tag="040" ind1=" " ind2=" ">
      <subfield code="a">NLGGC</subfield>
      <subfield code="b">eng</subfield>
      <subfield code="e">rda</subfield>
      <subfield code="e">dcrmr</subfield>
      <subfield code="c">NLGGC</subfield>
      <subfield code="d">QGJ</subfield>
      <subfield code="d">OCLCQ</subfield>
      <subfield code="d">OCLCL</subfield>
      <subfield code="d">QGJ</subfield>
      <subfield code="d">OCLCO</subfield>
      <subfield code="d">QGJ</subfield>
      <subfield code="d">OCLCO</subfield>
    </datafield>
    <datafield tag="029" ind1="0" ind2=" ">
      <subfield code="a">NLGGC</subfield>
      <subfield code="b">38832225X</subfield>
    </datafield>
    <datafield tag="035" ind1=" " ind2=" ">
      <subfield code="a">(OCoLC)901231088</subfield>
    </datafield>
    <datafield tag="041" ind1="1" ind2=" ">
      <subfield code="a">fre</subfield>
      <subfield code="h">lat</subfield>
    </datafield>
    <datafield tag="130" ind1="0" ind2=" ">
      <subfield code="a">Bible.</subfield>
      <subfield code="p">New Testament.</subfield>
      <subfield code="l">French.</subfield>
    </datafield>
    <datafield tag="245" ind1="1" ind2="3">
      <subfield code="a">Le nouueau Testament, contenant les quattres Eua[n]gelistes, auec les faictz des Apostres, &amp; les Epistres sai[n]ct Paul, les Epistres Canoniq[ue]s, &amp; Lapocalipse, auq[ue]l est demonstre Jesu Christ sauueur du monde estre venu, :</subfield>
      <subfield code="b">anno[n]ce de Dieu a noz peres ancie[n]s des le co[m]mencement du monde, &amp; en plusieurs lieux predict par les Prophetes, auec la declaration des oeuures par lesquelles lhome peult estre cogneu, &amp; en soy &amp; des autres fidele ou infidele.</subfield>
    </datafield>
    <datafield tag="246" ind1="3" ind2=" ">
      <subfield code="a">Nouveau Testament, contenant les quattres Evangelistes, avec les faictz des Apostres, &amp; les Epistres sainct Paul, les Epistres Canoniq[ue]s, &amp; Lapocalipse</subfield>
    </datafield>
    <datafield tag="264" ind1=" " ind2="1">
      <subfield code="a">Imprime en Anuers :</subfield>
      <subfield code="b">par Martin Lempereur.,</subfield>
      <subfield code="c">Lan. M.D.XXXII. [1532]</subfield>
    </datafield>
    <datafield tag="300" ind1=" " ind2=" ">
      <subfield code="a">[8], cccxxii, [18] leaves :</subfield>
      <subfield code="b">illustrations ;</subfield>
      <subfield code="c">13 cm (16mo)</subfield>
    </datafield>
    <datafield tag="336" ind1=" " ind2=" ">
      <subfield code="a">text</subfield>
      <subfield code="b">txt</subfield>
      <subfield code="2">rdacontent</subfield>
    </datafield>
    <datafield tag="337" ind1=" " ind2=" ">
      <subfield code="a">unmediated</subfield>
      <subfield code="b">n</subfield>
      <subfield code="2">rdamedia</subfield>
    </datafield>
    <datafield tag="338" ind1=" " ind2=" ">
      <subfield code="a">volume</subfield>
      <subfield code="b">nc</subfield>
      <subfield code="2">rdacarrier</subfield>
    </datafield>
    <datafield tag="340" ind1=" " ind2=" ">
      <subfield code="m">16mo</subfield>
      <subfield code="2">rdabf</subfield>
    </datafield>
    <datafield tag="500" ind1=" " ind2=" ">
      <subfield code="a">Translated by Jacques Lefèvre d'Étaples. Lefèrve version claims to be an exact translation of Jerome's Vulgate, but is actually a revision of Jean de Rely's "Bible historiale", with certain parts (e.g., the Pentateuch, Jushua-Kings) translated from the Vulgate, or more exactly, from Sanctus Pagninus's Latin translation from the Hebrew which had appeared in 1527-1528. (Chambers).</subfield>
    </datafield>
    <datafield tag="500" ind1=" " ind2=" ">
      <subfield code="a">Colophon (leaf t4 verso): Acheue dimprimer le dixiesme Dauril. Lan. M.D.xxxii.</subfield>
    </datafield>
    <datafield tag="500" ind1=" " ind2=" ">
      <subfield code="a">Title page in read and black.</subfield>
    </datafield>
    <datafield tag="500" ind1=" " ind2=" ">
      <subfield code="a">Includes woodcut illustrations at the begginings of books.</subfield>
    </datafield>
    <datafield tag="500" ind1=" " ind2=" ">
      <subfield code="a">On bottom of title page: "Cum Gratia &amp; Priuilegio Imperiali."</subfield>
    </datafield>
    <datafield tag="500" ind1=" " ind2=" ">
      <subfield code="a">Signatures: *⁸ A-Z⁸ a-t⁸ *-**⁸ (g4 missigned g5; **7 and **8 are blank).</subfield>
    </datafield>
    <datafield tag="500" ind1=" " ind2=" ">
      <subfield code="a">With initials and printed marginalia.</subfield>
    </datafield>
    <datafield tag="500" ind1=" " ind2=" ">
      <subfield code="a">Includes index.</subfield>
    </datafield>
    <datafield tag="510" ind1="4" ind2=" ">
      <subfield code="a">Nijhoff, W. Nederlandsche bibliographie van 1500 tot 1540 (1923-61 edition),</subfield>
      <subfield code="c">418</subfield>
    </datafield>
    <datafield tag="510" ind1="4" ind2=" ">
      <subfield code="a">Chambers, B.T. Bibliography of French Bibles,</subfield>
      <subfield code="c">59</subfield>
    </datafield>
    <datafield tag="510" ind1="4" ind2=" ">
      <subfield code="a">Netherlandish books,</subfield>
      <subfield code="c">4505</subfield>
    </datafield>
    <datafield tag="510" ind1="4" ind2=" ">
      <subfield code="a">French books III &amp; IV,</subfield>
      <subfield code="c">5348</subfield>
    </datafield>
    <datafield tag="510" ind1="4" ind2=" ">
      <subfield code="a">Universal short title catalogue,</subfield>
      <subfield code="c">5556</subfield>
      <subfield code="u">https://www.ustc.ac.uk/editions/5556</subfield>
    </datafield>
    <datafield tag="700" ind1="1" ind2=" ">
      <subfield code="a">Lefèvre d'Étaples, Jacques,</subfield>
      <subfield code="d">-1536.</subfield>
      <subfield code="1">https://id.oclc.org/worldcat/entity/E39PBJqkbpHgJk7kpcDwGHfH4q</subfield>
    </datafield>
    <datafield tag="700" ind1="1" ind2=" ">
      <subfield code="a">Keyser, Martin de,</subfield>
      <subfield code="d">-1537.</subfield>
      <subfield code="1">https://id.oclc.org/worldcat/entity/E39PBJjhy8p7DkR6WGG7k9TJXd</subfield>
    </datafield>
    <datafield tag="752" ind1=" " ind2=" ">
      <subfield code="a">Belgium</subfield>
      <subfield code="d">Antwerp,</subfield>
      <subfield code="e">publication place.</subfield>
      <subfield code="4">pup</subfield>
    </datafield>
  </record>